000 00402nam a2200145Ia 4500
041 _aArabic
082 _a302.01 cut-268 ك
100 _a20260118u\\\\\\\\\\\y0engy0103\\\\ba
100 _aصالح جواد الكاظم
245 0 _aالانظمة السياسية
250 _aط1
260 _bمطبعة جامعة بغداد
_aبغداد -العراق
_c1991
300 _a214
942 _cBk
999 _c190310
_d190310